Normal view MARC view

Entry Personal Name

Number of records used in: 1

001 - CONTROL NUMBER

  • control field: 976

003 - CONTROL NUMBER IDENTIFIER

  • control field: OSt

005 - DATE AND TIME OF LATEST TRANSACTION

  • control field: 20140909135634.0

008 - FIXED-LENGTH DATA ELEMENTS

  • fixed length control field: 140909|| aca||aabn | a|a d

040 ## - CATALOGING SOURCE

  • Original cataloging agency: OSt
  • Transcribing agency: OSt

100 ## - HEADING--PERSONAL NAME

  • Personal name: Davis Romoser G

670 ## - SOURCE DATA FOUND

  • Source citation: Work cat.: (OSt): Davis Romoser G, The science of Entomology /, 1994.